000 00839nam a2200229 i 4500
001 102513
003 ES-MaACL
005 20250804045259.0
007 t|
008 051111s1901 sp ||||1| spa d
100 1 _aMercier, Désiré-Joseph
_cCardinal.
_980462
245 1 4 _aLos orígenes de la psicología contemporánea /
_cpor D. Mercier ; traducción castellana por el P. M. Arnáiz.
260 _aMadrid :
_bSáenz de Jubera, Hermanos, Ed.,
_c1901.
300 _aXIX, 420 p. ;
_c22 cm.
530 _aDisponible en formato digital.
650 7 _aFilosofía moderna
_2embne
_9144498
650 4 _aPsicología-
_yS.XIX.
_9158847
700 1 _aArnáiz, Marcelino.
_923019
852 _aES-MaACL
_jF-6564
856 _uhttp://bdh-rd.bne.es/viewer.vm?id=0000038929&page=1
_zBiblioteca Digital Hispánica
999 _c102513
_d102513